000 00714nam a2200241Ia 4500
003 OSt
005 20220923220624.0
006 a|||||r|||| 00| 0
007 ta
008 220922b |||||||| |||| 00| 0 hin d
024 _a188,018
037 _cTextual
040 _aARTS
_cARTS
_bhin
041 _2hin
_ahin
082 _aV25245.M, 152M0-;1
100 _aवाजपेयी, कृष्ण दत्त
245 0 _aमथुरा
246 _aMathurā
260 _aदिल्ली
_b मैकमिलन
_c1980
300 _a129 पृ.
_ccm.
942 _hV25245.M, 152M0-;1
_cTEXL
_2CC
999 _c341094
_d341094